| 000 | 003820000a22001450004500 | ||
|---|---|---|---|
| 001 | 004318 | ||
| 003 | MACL | ||
| 040 | _aMACL | ||
| 090 |
_c16311 _d16310 |
||
| 100 | _aShastri, J.L. | ||
| 245 |
_aAncient IndianTradition & Mythology Volume 2 Part 1 _bThe Siva Purana Part 2 _cJ.L. Shastri |
||
| 260 |
_aMotilal Banarsidass Publishers, _c2002 |
||
| 650 | _aReligion | ||
| 942 |
_k295 _cBook |
||
| 999 |
_c16209 _d16209 |
||